|
|
|
|
| LEADER |
00000nam0a2200000 4500 |
| 001 |
10726 |
| 005 |
20231030183219.0 |
| 035 |
|
|
|a (RuTPU)RU\TPU\book\10790
|
| 035 |
|
|
|a BOOK00010856
|
| 090 |
|
|
|a 10726
|
| 100 |
|
|
|a 20011209d1998 k y0rusy50 ca
|
| 101 |
0 |
|
|a rus
|
| 102 |
|
|
|a RU
|
| 105 |
|
|
|a y z 000zy
|
| 200 |
1 |
|
|a Нелинейные математические модели и информационные системы в финансовом менеджменте
|e Монография
|f В. Ф. Тарасенко
|g Томский политехнический университет
|
| 210 |
|
|
|a Томск
|c Изд-во ТПУ
|d 1998
|
| 215 |
|
|
|a 191 с.
|
| 610 |
1 |
|
|a экономика
|
| 610 |
1 |
|
|a финансы
|
| 610 |
1 |
|
|a финансовый менеджмент
|
| 610 |
1 |
|
|a математические модели
|
| 610 |
1 |
|
|a информационные системы
|
| 686 |
|
|
|a У9(2)261.1
|v LBC/SL-A
|2 rubbk
|
| 700 |
|
1 |
|a Тарасенко
|b В. Ф.
|g Владимир Феликсович
|
| 712 |
0 |
2 |
|a Томский политехнический университет
|2 stltpush
|3 (RuTPU)RU\TPU\col\376
|
| 801 |
|
0 |
|a RU
|b 63413507
|c 20011209
|g PSBO
|
| 801 |
|
2 |
|a RU
|b 63413507
|c 20220519
|g PSBO
|
| 942 |
|
|
|c BK
|